Представление документа в формате MARC21

Поле Инд. ПП Название Значение
Тип записи a
Библиографический уровень m
001 Контрольный номер 5f81acf5ec37404780c6e0755e2730a6
005 Дата корректировки 20181121103029.2
020 a ISBN 978-5-8114-1460-4
040 a Служба первич. каталог. НБ ТвГУ
b Код языка каталог. rus
e Правила каталог. PSBO
041 0_ a Код языка текста rus
080 a Индекс УДК 530.182(075.8)
080 a Индекс УДК 534(075.8)
084 a Индекс другой классификации/Индекс ББК В312я73-1
090 a Полочн. индекс В312
x Авторский знак А 45
097 b Оператор mimoza
100 1_ a Автор Алдошин Геннадий Тихонович
q Полное имя Алдошин Г. Т.
245 10 a Заглавие Теория линейных и нелинейных колебаний
b Продолж. заглавия учебное пособие для студентов и аспирантов физико-технических вузов
250 a Основные сведения об издании Изд. 2-е, стер.
260 c Дата издания 2013
a Место издания Санкт-Петербург [и др.]
b Издательство Лань
300 a Объем 311 с.
b Иллюстрации/ тип воспроизводства ил.
520 0_ a Аннотация Пособие состоит из двух частей. В первой излагается теория линейных колебаний систем с конечным числом степеней свободы. Наряду с вопросами, входящими в программы дополнительных глав теоретической механики, рассмотрены колебания молекул, цепочки осцилляторов, параметрические колебания и сведения из устойчивости движения. Вторая часть посвящена нелинейным колебаниям. Изложены качественные методы анализа нелинейных колебаний и приближенные методы их расчета. Рассмотрены автоколебания в системах с одной степенью свободы, фрикционные и релаксационные колебания. Приведены сведения о стохастических автоколебаниях. Для студентов и аспирантов физико-технических вузов. Может быть полезно инженерам и научным работникам, занимающимся расчетами и исследованиями колебательных систем и процессов.
653 0_ a Ключевые слова Колебания
a Ключевые слова Линейные колебания
a Ключевые слова Нелинейные колебания
a Ключевые слова Учебники для вузов
901 t Тип документа m
910 a Гриф есть**
920 a Оператор Семен
a Оператор Суха
a Оператор Стро
930 a Новая/Ретро новая
952 c Вид литературы К ру
954 b Дата поступления в ОК 20180911
a Дата поступления на обработку 20180919
c Дата окончания ОНО 20181121